箱根駅伝 歴代優勝校 - Statistics

General Stats
  • This quiz has been taken 185 times
    120 since last reset
  • The average score is 87 of 102
Answer Stats
優勝校 % Correct
91 2015 青山学院大学
100%
92 2016 青山学院大学
100%
93 2017 青山学院大学
100%
94 2018 青山学院大学
100%
96 2020 青山学院大学
100%
98 2022 青山学院大学
100%
100 2024 青山学院大学
100%
101 2025 青山学院大学
100%
102 2026 青山学院大学
100%
76 2000 駒澤大学
96%
78 2002 駒澤大学
96%
79 2003 駒澤大学
96%
80 2004 駒澤大学
96%
81 2005 駒澤大学
96%
84 2008 駒澤大学
96%
97 2021 駒澤大学
96%
99 2023 駒澤大学
96%
3 1922 早稲田大学
94%
4 1923 早稲田大学
94%
7 1926 中央大学
94%
8 1927 早稲田大学
94%
11 1930 早稲田大学
94%
12 1931 早稲田大学
94%
14 1933 早稲田大学
94%
15 1934 早稲田大学
94%
24 1948 中央大学
94%
26 1950 中央大学
94%
27 1951 中央大学
94%
28 1952 早稲田大学
94%
29 1953 中央大学
94%
30 1954 早稲田大学
94%
31 1955 中央大学
94%
32 1956 中央大学
94%
35 1959 中央大学
94%
36 1960 中央大学
94%
37 1961 中央大学
94%
38 1962 中央大学
94%
39 1963 中央大学
94%
40 1964 中央大学
94%
60 1984 早稲田大学
94%
61 1985 早稲田大学
94%
69 1993 早稲田大学
94%
72 1996 中央大学
94%
87 2011 早稲田大学
94%
2 1921 明治大学
91%
5 1924 明治大学
91%
6 1925 明治大学
91%
9 1928 明治大学
91%
10 1929 明治大学
91%
23 1947 明治大学
91%
25 1949 明治大学
91%
85 2009 東洋大学
90%
86 2010 東洋大学
90%
88 2012 東洋大学
90%
90 2014 東洋大学
90%
95 2019 東海大学
89%
16 1935 日本大学
84%
17 1936 日本大学
84%
18 1937 日本大学
84%
19 1938 日本大学
84%
21 1940 日本大学
84%
22 1943 日本大学
84%
33 1957 日本大学
84%
34 1958 日本大学
84%
41 1965 日本大学
84%
43 1967 日本大学
84%
44 1968 日本大学
84%
50 1974 日本大学
84%
45 1969 日本体育大学
81%
46 1970 日本体育大学
81%
47 1971 日本体育大学
81%
48 1972 日本体育大学
81%
49 1973 日本体育大学
81%
53 1977 日本体育大学
81%
54 1978 日本体育大学
81%
56 1980 日本体育大学
81%
59 1983 日本体育大学
81%
89 2013 日本体育大学
81%
68 1992 山梨学院大学
72%
70 1994 山梨学院大学
72%
71 1995 山梨学院大学
72%
51 1975 大東文化大学
67%
52 1976 大東文化大学
67%
66 1990 大東文化大学
67%
67 1991 大東文化大学
67%
20 1939 専修大学
66%
42 1966 順天堂大学
65%
55 1979 順天堂大学
65%
57 1981 順天堂大学
65%
58 1982 順天堂大学
65%
62 1986 順天堂大学
65%
63 1987 順天堂大学
65%
64 1988 順天堂大学
65%
65 1989 順天堂大学
65%
73 1997 神奈川大学
65%
74 1998 神奈川大学
65%
75 1999 順天堂大学
65%
77 2001 順天堂大学
65%
83 2007 順天堂大学
65%
1 1920 東京高等師範学校
60%
82 2006 亜細亜大学
57%
13 1932 慶應義塾大学
55%
No matching quizzes found
Score Distribution
Percent of People with Each Score
Percentile by Number Answered
Your Score History
You have not taken this quiz since the last reset